|
|
|
|
| LEADER |
02219nam a2200337 a 4500 |
| 001 |
12161286 |
| 008 |
091101r20042000bg b b 001 0 eng d |
| 999 |
|
|
|c 4980
|d 4980
|
| 010 |
|
|
|a 99953634
|
| 020 |
|
|
|a 9840515233
|
| 040 |
|
|
|a DLC
|c DLC
|
| 082 |
0 |
0 |
|a 306.08095492
|2 21
|
| 245 |
0 |
0 |
|a Indigenous knowledge development in Bangladesh :
|b present and future /
|c edited by Paul Sillitoe.
|
| 260 |
|
|
|a Dhaka :
|b University Press,
|c c2000 [second impression 2004]
|
| 300 |
|
|
|a xvi, 243 pages :
|b maps ;
|c 24 cm.
|
| 504 |
|
|
|a Includes bibliographical references (p. [219]-238) and index.
|
| 520 |
|
|
|a Contributed articles.
|
| 526 |
|
|
|a ARC
|
| 541 |
1 |
|
|e 00012832, 3010033308
|
| 650 |
|
0 |
|a Indigenous peoples
|z Bangladesh.
|9 26904
|
| 651 |
|
0 |
|a Indigenous peoples
|z Bangladesh
|x Politics and government.
|9 26905
|
| 651 |
|
0 |
|a Bangladesh
|x Race relations.
|9 26906
|
| 700 |
1 |
|
|a Sillitoe, Paul,
|d 1949-
|9 26907
|
| 852 |
4 |
|
|a Ayesha Abed Library
|j BIED Collection
|
| 942 |
|
|
|2 ddc
|c BK
|
| 952 |
|
|
|0 0
|1 0
|2 ddc
|4 0
|6 306_080954920000000_IND
|7 0
|9 4802
|a BRACUL
|b BRACUL
|c GEN
|d 2009-11-02
|g 0.00
|l 0
|o 306.08095492 IND
|p 3010012832
|r 2009-11-02
|t 2
|w 2009-11-02
|y BK
|x No price found in the accession register.
|
| 952 |
|
|
|0 0
|1 0
|2 ddc
|4 0
|6 306_080954920000000_IND
|7 0
|9 4803
|a BRACUL
|b BRACUL
|c GEN
|d 2009-11-02
|g 425.00
|l 2
|m 7
|o 306.08095492 IND
|p 3010007554
|r 2024-09-08
|s 2024-07-09
|t 1
|w 2009-11-02
|y BK
|
| 952 |
|
|
|0 0
|1 0
|2 ddc
|4 0
|6 306_080954920000000_IND
|7 0
|9 43585
|a SCL
|b SCL
|c GEN
|d 2005-02-13
|g 425.00
|l 0
|o 306.08095492 IND
|p 3020005181
|r 2014-08-31
|t 5
|w 2014-08-31
|y BK
|
| 952 |
|
|
|0 0
|1 0
|2 ddc
|4 0
|6 306_080954920000000_IND
|7 0
|9 43586
|a SCL
|b SCL
|c GEN
|d 2005-02-13
|g 425.00
|l 0
|o 306.08095492 IND
|p 3020005180
|r 2014-08-31
|t 4
|w 2014-08-31
|y BK
|
| 952 |
|
|
|0 0
|1 1
|2 ddc
|4 0
|6 306_080954920000000_IND
|7 0
|9 63712
|a ARC
|b ARC
|c GEN
|d 2018-07-11
|l 0
|o 306.08095492 IND
|p 3010033308
|r 2018-07-11
|t 3
|w 2018-07-11
|y BK
|x lost from the ARC department library and approved by the Dean (reasons personal books withdrawn by Hasibul Kabir Sir and Building shifting)
|
| 952 |
|
|
|0 0
|1 0
|2 ddc
|4 0
|6 306_080954920000000_IND
|7 0
|9 66366
|a BRACUL
|b BRACUL
|c GEN
|d 2019-09-18
|e Complimentary copy from BIED
|l 1
|o 306.08095492 IND
|p 3010035776
|r 2024-12-11
|s 2024-12-04
|t 6
|w 2019-09-18
|y BK
|x Transferred from BIED to General Stacks
|